banner-ar

HOT AIR : (Record no. 767)

MARC details
000 -الفاتح
حقل البيانات ثابتة الطول 00569nam a2200205Ia 4500
008 - عناصر البيانات ثابتة الطول - معلومات عامة
حقل البيانات ثابتة الطول 140319s9999 xx 000 0 aFre d
020 ## - الرقم الدولى المعيارى للكتب
الرقم الدولى المعيارى للكتاب 0812926242
040 ## - مصدر الفهرسة
وكالة الفهرسة الأصلية GCL /
وكالة النسخ GCL
082 04 - رقم تصنيف ديوى العشرى
رقم التصنيف 384.5530973
رقم المادة K H
100 1# - المدخل الرئيسى - إسم شخصى
الإسم الشخصى KURTZ, HOWARD
245 10 - بيان العنوان
العنوان HOT AIR :
بقية العنوان ALL TALK ALL THE TIME /
بيان المسئوليه,etc KURTZ, HOWARD
260 ## - PUBLICATION, DISTRIBUTION, ETC. (IMPRINT)
تاريخ النشر أو التوزيع 1995
300 ## - الوصف المادى
التعداد 25 CM ؛
أبعاد الوعاء 409 P
650 04 - المدخل الاضافى بالموضوع-مصطلح موضوعى
مصطلح موضوعي TELEVISION - PROGRAMS
650 04 - المدخل الاضافى بالموضوع-مصطلح موضوعى
مصطلح موضوعي TELEVISION
650 04 - المدخل الاضافى بالموضوع-مصطلح موضوعى
مصطلح موضوعي TELEVISION OF NEWS - U.S.A
650 04 - المدخل الاضافى بالموضوع-مصطلح موضوعى
مصطلح موضوعي TELEVISION AND POLITICS
942 ## - عناصر المدخل الإضافي( كوها)
مصدر التصنيف او مخطط الترفيف Dewey Decimal Classification
Koha [default] item type كتاب
260 ## - PUBLICATION, DISTRIBUTION, ETC. (IMPRINT)
-- نيويورك :
-- TIMES BOOKS ،
Holdings
حالة التراجع حالة الفقد حالة تلف ليس للاعارة المكان المؤقت الموقع الحالى تاريخ الاكتساب اجمالي اﻻعارات رقم الطلب الباركود تاريخ اخر مشاهدة تاريخ تفعيل السعر نوع وعاء كوها
        مكتبة القاهرة الكبرى مكتبة القاهرة الكبرى 03/26/2014   384.5530973\K H 1929 03/26/2014 03/26/2014 كتاب

Powered By

EGPV